| 000 | 01407nam a2200229 a 4500 | ||
|---|---|---|---|
| 001 | 000048902 | ||
| 005 | 20201002061510.0 | ||
| 008 | 190430s2016 dr 000 0 spa d | ||
| 020 | _a9789945167580 | ||
| 040 |
_aDO-SdBNP _bspa _cBNPHU |
||
| 082 |
_axxxx _bN778m |
||
| 100 | 1 |
_aNogueira, Alberto, _d1965- _976339 |
|
| 245 | 1 | 0 |
_aMindfulness inteligencia energética : _baplicación para las empresas y su personal / _cAlberto Nogueira Gandasegui ; meditaciones por Pedro Acosta ; prólogo César Mella. |
| 260 |
_aSanto Domingo : _bBúho, _c2016. |
||
| 300 |
_a100 p. : _b23 cm. |
||
| 500 | _aIncluye datos biográficos del autor en la solapa de la cubierta | ||
| 504 | _aBibliografía : p. 99-100 | ||
| 505 | 0 |
_aPrólogo -- _tIntroducción -- _gCapítulo I _tQuienes somos en realidad -- _gCapítulo II _tMindfulness: Qué es y cómo nace -- _gCapítulo III _tPráctica en la vida cotidiana: la meditación informal y la meditación formal -- _gCapítulo IV _tMindfulness lo mejor de dos mundos -- _gCapítulo V _tAplicación del Mindfulness en las empresas: inteligencia energética -- _gCapítulo VI _tBases científicas que demuestran la efectividad del Mindfulness -- _gCapítulo VII _tMeditaciones por Pedro Acosta -- _gCapítulo VIII _tAdvertencia: « No es oro todo lo que reluce» -- _tConclusión -- |
|
| 590 | _aInventariado, 2019/LP | ||
| 700 | 1 |
_aAcosta, Pedro _9463 |
|
| 700 | 1 |
_aMella, César, _epról _911674 |
|
| 999 |
_c48390 _d48390 |
||